| Tag |
First Indicator |
Second Indicator |
Subfields |
| LEADER |
00000cam a22000001 4500 |
| 001 |
in00000211124 |
| 005 |
20151009063528.0 |
| 008 |
731207s1966 enk b 00010 eng d |
| 010 |
|
|
|a 67070796
|
| 015 |
|
|
|a B66-17201
|
| 035 |
|
|
|a (OCoLC)00954183
|
| 035 |
|
|
|9 AAY0355AM
|
| 040 |
|
|
|a DLC
|c DLC
|d TXA
|d UtOrBLW
|
| 043 |
|
|
|a e-uk---
|
| 049 |
|
|
|a TXAM
|c [418981]
|
| 050 |
0 |
0 |
|a LAW
|
| 082 |
0 |
|
|a 340
|
| 090 |
|
|
|a KD3648
|b .B3 1966
|
| 100 |
1 |
|
|a Barrell, G. R.
|q (Geoffrey Richard)
|
| 245 |
1 |
0 |
|a Teachers and the law /
|c [by] G. R. Barrell; with a foreword by the Honourable Mr. Justice Vaisey.
|
| 250 |
|
|
|a [3d ed., rev.].
|
| 264 |
|
1 |
|a London :
|b Methuen,
|c [1966]
|
| 264 |
|
4 |
|c [©1966]
|
| 300 |
|
|
|a 279 pages
|
| 336 |
|
|
|a text
|b txt
|2 rdacontent
|
| 337 |
|
|
|a unmediated
|b n
|2 rdamedia
|
| 338 |
|
|
|a volume
|b nc
|2 rdacarrier
|
| 504 |
|
|
|a Bibliography: pages 253-261.
|
| 650 |
|
0 |
|a Teachers
|x Legal status, laws, etc.
|z Great Britain.
|
| 650 |
|
0 |
|a Educational law and legislation
|z Great Britain.
|
| 999 |
|
|
|a MARS
|
| 999 |
f |
f |
|s aee12a93-6093-360d-adb3-e2c1576562b5
|i 7a2620bd-eac1-3e43-b8c3-92aa4dffa0b2
|t 0
|
| 952 |
f |
f |
|p ric
|a Texas A&M University
|b Rellis Campus
|c Joint Library Facility
|d Remote Storage
|t 0
|e KD3648 .B3 1966
|h Library of Congress classification
|i unmediated -- volume
|m A14803153168
|
| 998 |
f |
f |
|a KD3648 .B3 1966
|t 0
|l Remote Storage
|